000 00325nam a22001337a 4500
020 _qPB.
040 _cFIZZA ISHAQ
082 _a307.1216
_bJOH
100 _aGABER,JOHN.
_925001
245 _aQUALITATIVE ANALYSIS FOR PLANNING AND POLICY
_cJOHN GABER.
260 _a307.1216
_c2010.
300 _a200 P. ;
942 _2ddc
_cBK
999 _c588926
_d588926